Сочинения. Т. 5: Большое дело | Серьезная жизнь (Запись № 9102653)

Подробности
000 -МАРКЕР
контрольное поле 01111nam2a22002531 4500
001 - ИДЕНТИФИКАТОР ЗАПИСИ
контрольное поле rc\4580127
005 - ИДЕНТИФИКАТОР ВЕРСИИ
контрольное поле 20250611200848.0
021 ## - НОМЕР ГОСУДАРСТВЕННОЙ РЕГИСТРАЦИИ
Код страны Российская Федерация
Номер [58-29595]
035 ## - ДРУГИЕ СИСТЕМНЫЕ НОМЕРА
Идентификатор записи (NLR Aleph) 008378458
100 ## - ДАННЫЕ ОБЩЕЙ ОБРАБОТКИ
Данные общей обработки 20130416d1958 |||y0rusy50 ca
101 1# - ЯЗЫК РЕСУРСА
Язык текста, звукозаписи и т.д. русский
Язык оригинала немецкий
102 ## - СТРАНА ПУБЛИКАЦИИ ИЛИ ПРОИЗВОДСТВА
Страна публикации Российская Федерация
105 ## - ПОЛЕ КОДИРОВАННЫХ ДАННЫХ: ТЕКСТОВЫЕ МАТЕРИАЛЫ, МОНОГРАФИЧЕСКИЕ
Кодированные данные о монографическом текстовом документе y z |||||
200 1# - ЗАГЛАВИЕ И СВЕДЕНИЯ ОБ ОТВЕТСТВЕННОСТИ
Основное заглавие Большое дело
-- Серьезная жизнь
Сведения, относящиеся к заглавию [Романы
Первые сведения об ответственности Примеч. И. Генс]
210 ## - ПУБЛИКАЦИЯ, РАСПРОСТРАНЕНИЕ И ДР.
Дата издания, распространения и т.д. 1958
Место издания, распространения и т.д. Б. м.
215 ## - ФИЗИЧЕСКАЯ ХАРАКТЕРИСТИКА
Специфическое обозначение материала и объем 539 с.
461 #0 - УРОВЕНЬ НАБОРА
Встроенное поле 001rc\4580122
-- 2001#$aСочинения$eВ 8 т.$eПер. с нем.$fПод ред. Г.Н. Знаменского и др.$gВступ. статья И.В. Миримского, с. 5-53]. Т. 1-$vТ. 5
-- 700#1$aМанн$bГ.$f1871-1950$gГенрих
Системный номер (АБИС) связанной записи 9102624
Автор Манн, Г. (1871-1950)
Место публикации Москва
Дата публикации 1957
Первые сведения об ответственности Под ред. Г.Н. Знаменского и др.
Имя издателя, распространителя и т.д. Гослитиздат
Сведения, относящиеся к заглавию В 8 т. : Пер. с нем.
Заглавие Сочинения
Номер тома Т. 5
702 #1 - ИМЯ ЛИЦА - ВТОРИЧНАЯ ОТВЕТСТВЕННОСТЬ
Начальный элемент ввода Генс
Часть имени, кроме начального элемента ввода И.
Код отношения Комментатор печатного текста
801 #0 - ИСТОЧНИК ЗАПИСИ
Страна Российская Федерация
Организация NLR
Правила каталогизации psbo
801 #1 - ИСТОЧНИК ЗАПИСИ
Страна Российская Федерация
Организация ELAR
Источник данных rusmarc
852 ## - МЕСТОНАХОЖДЕНИЕ И ШИФР ХРАНЕНИЯ
Идентификатор организации NLR
Шифр хранения (Call Number) 57-3/4022
942 ## - ДОПОЛНИТЕЛЬНЫЕ ЭЛЕМЕНТЫ ЗАПИСИ (АБИС)
Тип экземпляра АБИС Книга
980 ## - КОЛЛЕКЦИЯ
Название коллекции Национальная библиография
Экземпляры
Тип экземпляра Дата поступления Библиотека постоянного хранения Библиотека текущего хранения Место хранения Шифр хранения Штрих-код Статус экземпляра Стоимость Источник поступления
Книга 26.10.2013 РНБ (Московский) РНБ (Московский) Русский книжный фонд: издания с 1957 года 57-3/4022 8378458-10      
Книга 06.03.2014 РНБ (Московский) РНБ (Московский) Фонд общего зала литературы по филологии, педагогике и искусству (гуманитарной литературы) Л1 Ш6(4Г)/М-235 1-389602   11.50  
Книга 14.04.2014 РНБ (Садовая) РНБ (Садовая) Фонд научного зала литературы и искусства Нз Ш6(4Г)/М-235/5 1-428674     Подсобные фонды РНБ